000 02269nam a2200301 i 4500
003 OSt
005 20240121101905.0
008 240121t20222022enkabf e | 001 0 eng d
020 _a9780500252635
_cRM156.00
_qhardback
040 _aPPAK
_beng
_cPPAK
_erda
082 0 4 _223
_a599.938
090 0 0 _a599.938
_bPET
_dR
100 1 _aPettitt, Paul,
_eauthor.
245 1 0 _aHomo Sapiens Rediscovered :
_bTHE SCIENTIFIC REVOLUTION REWRITING OUR ORIGINS /
_cPaul Pettitt
264 1 _aLondon :
_bThames & Hudson, Limited,
_c2022
264 4 _c©2022
300 _a304 pages, 16 unnumbered pages of plates :
_billustrations (some colour), maps ;
_c24 cm
336 _atext
_2rdacontent
337 _aunmediated
_2rdamedia
338 _avolume
_2rdacarrier
504 _aIncludes bibliographical references and index.
520 _aWho are we? How do scientists define Homo sapiens, and how does our species differ from the extinct hominins that came before us? This illuminating book explores how the latest scientific advances, especially in genetics, are revolutionizing our understanding of human evolution. Paul Pettitt reveals the extraordinary story of how our ancestors adapted to unforgiving and relentlessly changing climates, leading to remarkable innovations in art, technology and society that we are only now beginning to comprehend. Drawing on twenty-five years of experience in the field, Paul Pettitt immerses readers in the caves and rock shelters that provide evidence of our African origins, dispersals to the far reaches of Eurasia, Australasia and ultimately the Americas. Popular accounts of the evolution of Homo sapiens emphasize biomolecular research, notably genetics, but this book also draws from the wealth of information from specific excavations and artefacts, including the author's own investigations into the origins of art and how it evolved over its first 25,000 years. He focuses in particular on behaviour, using archaeological evidence to bring an intimate perspective on lives as they were lived in the almost unimaginably distant past.
650 1 0 _aHuman beings
_vOrigin
650 2 0 _aHuman evolution
650 2 0 _aExcavations (Archaeology
650 2 0 _aHuman remains (Archaeology)
942 _2ddc
_cB
999 _c194645
_d194645